| 000 | 00470nam a22001697a 4500 | ||
|---|---|---|---|
| 005 | 20240805122933.0 | ||
| 008 | 240805b |||||||| |||| 00| 0 eng d | ||
| 082 |
_a612 _bGAL-R |
||
| 100 | _aGalinsky Raymond E | ||
| 245 |
_aRemington : _bthe Science and practice of Pharmacy / _cGalinsky Raymond E |
||
| 250 | _a21st ed. | ||
| 300 |
_a1183 to2392p. _bill; _c27 cm. |
||
| 490 | _vvol 2. | ||
| 500 | _ainclude index . | ||
| 650 | _aPharmacy / Remington | ||
| 999 |
_c36276 _d36276 |
||